000 00290nam a2200121Ia 4500
008 190216s9999||||xx |||||||||||||| ||und||
100 _aBanking Chandra Chadudopadhyay
245 0 _aHindi-Devi Choudrani
260 _bBalbajan Kendr
_c2010
300 _a142
650 _aHindi
942 _cBK
999 _c16885
_d16885